000 00964nac a22002771i 4500
003 EG-ScBUE
005 20260309093818.0
008 260207t2000 caua f b 001 0 eng d
020 _a0126363757 (acid-free paper)
020 _a9780126363753
040 _aEG-ScBUE
_beng
_erda
_cEG-ScBUE
_dEG-ScBUE
082 0 4 _a552.5
_bSEL
_222
100 1 _aSelley, Richard C.,
_d1939-
_eauthor.
245 1 0 _aApplied sedimentology /
_cRichard C. Selley, Royal School of Mines, Imperial College of Science, Technology, and Medicine, London, United Kingdom.
250 _aSecond edition.
264 1 _aSan Diego :
_bAcademic Press,
_c[2000]
264 4 _cc2000
300 _ax, 523 pages :
_billustrations ;
_c24 cm
336 _2rdacontent
_atext
_btxt
337 _aunmediated
_2rdamedia
_bn
338 _avolume
_bnc
_2rdacarrier
504 _aIncludes bibliographical references and index.
650 7 _aSedimentology.
_2BUEsh
655 _vReading book
942 _cBB
_2ddc
999 _c6294
_d6294